ბათუმის შოთა რუსთაველის სახელმწიფო უნივერსიტეტის ბიბლიოთეკა

სტრატეგიული მენეჯმენტი = Strategic management : (ბიბ.ჩანაწერი № 34699)

000 -ლიდერი
ფიქსირებული სიგრძის საკონტროლო ველი 02144nam a2200325Ia 4500
001 - საკონტროლო ნომერი
საკონტროლო ველი 485
003 - საკონტროლო ნომრის იდენტიფიკატორი
საკონტროლო ველი GE_BSU
005 - ბოლო ოპერაციის თარიღი და დრო
საკონტროლო ველი 20241121154146.0
008 - ფიქსირებული სიგრძის მონაცემთა ელემენტები - ზოგადი ინფორმაცია
ფიქსირებული სიგრძის საკონტროლო ველი 181216s2010||||ge |||||||||||||| ||geo||
020 ## - წიგნის საერთაშორისო სტანდარტული ნომერი
International Standard Book Number 9789941409561
040 ## - კატალოგიზაციის წყარო
Transcribing agency GE_BSU
041 ## - ენის კოდი
Language code of text/sound track or separate title geo
080 ## - უნივერსალური ათობითი კლასიფიკაციის ინდექსი
Universal Decimal Classification number 338.2(075.8)+339.1(075.8)+65.01(075.8) ტ-58
100 ## - მთავარი ჩანაწერი - პიროვნების სახელი
Personal name ტომპსონი, არტურ ა.
9 (RLIN) 2370
245 ## - ცნობა სათაურის შესახებ
Title სტრატეგიული მენეჯმენტი = Strategic management :
Remainder of title კონცეფციები და ბიზნესსიტუაციები /
Statement of responsibility, etc არტურ ა. ტომპსონი-უმც., ა.ჯ. სტრიკლენდი III ; მთ. რედ. და პროექტის ხელმძღვ. როსტომ ბერიძე ; ინგლ. თარგმნეს: ხათუნა ჩხარტიშვილი და სხვ. ; ინგლ. ტექტის რედ. ხათუნა ბერიძე.
250 ## - გამოცემის ცნობა
Edition statement მე-13 გამოცემა
264 ## - წარმოების, გამოცემის, დისტრიბუციის და სხვა ცნობები
გამოცემის, წარმოების, დისტრიბუციის... ადგილი ბათუმი :
გამოცემის, წარმოების, დისტრიბუციის... სახელწოდება შოთა რუსთაველის უნ-ტის გამ-ბა,
გამოცემის, წარმოების, დისტრიბუციის... თარიღი 2010.
300 ## - ფიზიკური აღწერა
Extent 923 გვ.
Other physical details ცხრ., ნახ. ;
Dimensions 24 სმ.
653 ## - INDEX TERM--UNCONTROLLED
Uncontrolled term სტრატეგიული მენეჯმენტი
653 ## - INDEX TERM--UNCONTROLLED
Uncontrolled term მენეჯმენტი
700 ## - ADDED ENTRY--PERSONAL NAME
Personal name სტრიკლენდი, ა.ჯ.
Relator term ავტორი
9 (RLIN) 2371
700 ## - ADDED ENTRY--PERSONAL NAME
Personal name ბერიძე, როსტომ
Relator term რედაქტორი
9 (RLIN) 1686
700 ## - ADDED ENTRY--PERSONAL NAME
Personal name ბერიძე, ხათუნა
Relator term რედაქტორი
9 (RLIN) 2372
700 ## - ADDED ENTRY--PERSONAL NAME
Personal name ჩხარტიშვილი, ხათუნა
Relator term მთარგმნელი
9 (RLIN) 2373
700 ## - ADDED ENTRY--PERSONAL NAME
Personal name ხახუბია, ნინო
Relator term მთარგმნელი
9 (RLIN) 2374
700 ## - ADDED ENTRY--PERSONAL NAME
Personal name ტუღუში, ნათია
Relator term მთარგმნელი
9 (RLIN) 2375
700 ## - ADDED ENTRY--PERSONAL NAME
Personal name ფუტკარაძე, ნოდარ
Relator term მთარგმნელი
9 (RLIN) 2376
700 ## - ADDED ENTRY--PERSONAL NAME
Personal name დევაძე, ნინო და სხვ.
Relator term მთარგმნელი
9 (RLIN) 2377
942 ## - ADDED ENTRY ELEMENTS (KOHA)
Koha item type წიგნი
Source of classification or shelving scheme
ეგზემპლარები
ჩამოწერის სტატუსი დაკარგული ეგზემპლარის სტატუსი კლასიფიკაციის წყარო ან თაროზე გაწყობის სქემა დაზიანების სტატუსი არ გაიცემა მუდმივი მდებარეობა (დაცვის ადგილი) ამჟამინდელი ადგილსამყოფელი თაროზე განთავსების ადგილი შეძენის თარიღი ღირებულება, შესყიდვის ნორმალური ფასი სრული შენახვის შიფრი შტრიხკოდი ბოლო ოპერაციის თარიღი ეგზემპლარის მიმდევრობითი ნომერი (კეტერი?) ფასის ძალაში შესვლის თარიღი ეგზემპლარის სახეობა საჯარო შენიშვნა
          ბათუმის შოთა რუსთაველის სახელმწიფო უნივერსიტეტის მთავარი ბიბლიოთეკა ბათუმის შოთა რუსთაველის სახელმწიფო უნივერსიტეტის მთავარი ბიბლიოთეკა წიგნსაცავი 2018-12-17 20.00 005.21 ტ-68 520 2018-12-17 520 2018-12-17 წიგნი 20 ლ.
          ბათუმის შოთა რუსთაველის სახელმწიფო უნივერსიტეტის მთავარი ბიბლიოთეკა ბათუმის შოთა რუსთაველის სახელმწიფო უნივერსიტეტის მთავარი ბიბლიოთეკა წიგნსაცავი 2018-12-17 20.00 005.21 ტ-68 521 2018-12-17 521 2018-12-17 წიგნი 20 ლ.
          ბათუმის შოთა რუსთაველის სახელმწიფო უნივერსიტეტის მთავარი ბიბლიოთეკა ბათუმის შოთა რუსთაველის სახელმწიფო უნივერსიტეტის მთავარი ბიბლიოთეკა წიგნსაცავი 2018-12-17 20.00 005.21 ტ-68 522 2018-12-17 522 2018-12-17 წიგნი 20 ლ.
          ბათუმის შოთა რუსთაველის სახელმწიფო უნივერსიტეტის მთავარი ბიბლიოთეკა ბათუმის შოთა რუსთაველის სახელმწიფო უნივერსიტეტის მთავარი ბიბლიოთეკა წიგნსაცავი 2018-12-17 20.00 005.21 ტ-68 523 2018-12-17 523 2018-12-17 წიგნი 20 ლ.
          ბათუმის შოთა რუსთაველის სახელმწიფო უნივერსიტეტის მთავარი ბიბლიოთეკა ბათუმის შოთა რუსთაველის სახელმწიფო უნივერსიტეტის მთავარი ბიბლიოთეკა წიგნსაცავი 2018-12-17 20.00 005.21 ტ-68 4780 2018-12-17 4780 2018-12-17 წიგნი 20.00
          ბათუმის შოთა რუსთაველის სახელმწიფო უნივერსიტეტის მთავარი ბიბლიოთეკა ბათუმის შოთა რუსთაველის სახელმწიფო უნივერსიტეტის მთავარი ბიბლიოთეკა წიგნსაცავი 2018-12-17 20.00 005.21 ტ-68 6407 2018-12-17 6407 2018-12-17 წიგნი 20.00
          ბათუმის შოთა რუსთაველის სახელმწიფო უნივერსიტეტის მთავარი ბიბლიოთეკა ბათუმის შოთა რუსთაველის სახელმწიფო უნივერსიტეტის მთავარი ბიბლიოთეკა წიგნსაცავი 2018-12-17 20.00 005.21 ტ-68 6408 2018-12-17 6408 2018-12-17 წიგნი 20.00
          ბათუმის შოთა რუსთაველის სახელმწიფო უნივერსიტეტის მთავარი ბიბლიოთეკა ბათუმის შოთა რუსთაველის სახელმწიფო უნივერსიტეტის მთავარი ბიბლიოთეკა წიგნსაცავი 2018-12-17 20.00 005.21 ტ-68 6409 2018-12-17 6409 2018-12-17 წიგნი 20.00
          ბათუმის შოთა რუსთაველის სახელმწიფო უნივერსიტეტის მთავარი ბიბლიოთეკა ბათუმის შოთა რუსთაველის სახელმწიფო უნივერსიტეტის მთავარი ბიბლიოთეკა წიგნსაცავი 2018-12-17 20.00 005.21 ტ-68 6410 2018-12-17 6410 2018-12-17 წიგნი 20.00
          ბათუმის შოთა რუსთაველის სახელმწიფო უნივერსიტეტის მთავარი ბიბლიოთეკა ბათუმის შოთა რუსთაველის სახელმწიფო უნივერსიტეტის მთავარი ბიბლიოთეკა წიგნსაცავი 2018-12-17 20.00 005.21 ტ-68 6411 2018-12-17 6411 2018-12-17 წიგნი 20.00
          ბათუმის შოთა რუსთაველის სახელმწიფო უნივერსიტეტის მთავარი ბიბლიოთეკა ბათუმის შოთა რუსთაველის სახელმწიფო უნივერსიტეტის მთავარი ბიბლიოთეკა წიგნსაცავი 2019-11-15 50.00 005.21ტ-68 6779 2019-11-15 6779 2019-11-15 წიგნი 50 ლ.
          ბათუმის შოთა რუსთაველის სახელმწიფო უნივერსიტეტის მთავარი ბიბლიოთეკა ბათუმის შოთა რუსთაველის სახელმწიფო უნივერსიტეტის მთავარი ბიბლიოთეკა წიგნსაცავი 2024-11-21 50.00 005.21ტ-68 69827 2024-11-21 69827 2024-11-21 წიგნი 50.00
          ბათუმის შოთა რუსთაველის სახელმწიფო უნივერსიტეტის მთავარი ბიბლიოთეკა ბათუმის შოთა რუსთაველის სახელმწიფო უნივერსიტეტის მთავარი ბიბლიოთეკა წიგნსაცავი 2024-11-21 50.00 005.21 ტ-68 69828 2024-11-21 69828 2024-11-21 წიგნი 50.00
          ბათუმის შოთა რუსთაველის სახელმწიფო უნივერსიტეტის მთავარი ბიბლიოთეკა ბათუმის შოთა რუსთაველის სახელმწიფო უნივერსიტეტის მთავარი ბიბლიოთეკა წიგნსაცავი 2024-11-21 50.00 005.21 ტ-68 69829 2024-11-21 69829 2024-11-21 წიგნი 50.00
          ბათუმის შოთა რუსთაველის სახელმწიფო უნივერსიტეტის მთავარი ბიბლიოთეკა ბათუმის შოთა რუსთაველის სახელმწიფო უნივერსიტეტის მთავარი ბიბლიოთეკა წიგნსაცავი 2024-11-21 50.00 005.21 ტ-68 69830 2024-11-21 69830 2024-11-21 წიგნი 50.00
          ბათუმის შოთა რუსთაველის სახელმწიფო უნივერსიტეტის მთავარი ბიბლიოთეკა ბათუმის შოთა რუსთაველის სახელმწიფო უნივერსიტეტის მთავარი ბიბლიოთეკა წიგნსაცავი 2024-11-21 50.00 005.21 ტ-68 69831 2024-11-21 69831 2024-11-21 წიგნი 50.00
          ბათუმის შოთა რუსთაველის სახელმწიფო უნივერსიტეტის მთავარი ბიბლიოთეკა ბათუმის შოთა რუსთაველის სახელმწიფო უნივერსიტეტის მთავარი ბიბლიოთეკა წიგნსაცავი 2024-11-21 50.00 005.21 ტ-68 69832 2024-11-21 69832 2024-11-21 წიგნი 50.00
          ბათუმის შოთა რუსთაველის სახელმწიფო უნივერსიტეტის მთავარი ბიბლიოთეკა ბათუმის შოთა რუსთაველის სახელმწიფო უნივერსიტეტის მთავარი ბიბლიოთეკა წიგნსაცავი 2024-11-21 50.00 005.21 ტ-58 69833 2024-11-21 69833 2024-11-21 წიგნი 50.00